Lotr: Beleg Cuthalion - Statistics

General Stats
  • This quiz has been taken 17 times
  • The average score is 8 of 11
Answer Stats
Question Answer % Correct
What was the name of Beleg's Sword? Anglachel
100%
Who did Beleg rescue and save from starvation in the woods near Doriath? Gethron, Grithnir, and Turin.
100%
From what realm did Beleg come from? Doriath
92%
What did Beleg's surname, Cuthalion mean? "Strongbow"
92%
With what group did Beleg fight along with during the Nirnaeth Arnoediad? The Union of Maehdros
92%
Who killed Beleg? Turin
92%
What elf did Beleg find wounded, and helped by feeding him Lembas? Gwindor
77%
Who betrayed Beleg, his best friend, and the group of outlaws they belonged to to the orcs of morgoth? Mim the Petty Dwarf
77%
Who did Beleg spend a good amount of his life with after he set out to inform him he was not exiled? Neithan
54%
Who saved Beleg's life from the Petty Dwarf who "gloated over him while sharpening his knife" intending to kill Beleg? Androg
23%
What did the name Beleg mean in elvish? big
23%
No matching quizzes found
Score Distribution
Percent of People with Each Score
Percentile by Number Answered
Your Score History
You have not taken this quiz